000 00620nam a22002057a 4500
999 _c263654
_d263653
003 OSt
005 20240515134501.0
008 240515b xxu||||| |||| 00| 0 eng d
010 _a2007273050
020 _a9780205504404 (pbk.)
020 _a 020550440X (pbk.)
040 _cDLC
050 _a HM586
_b .H43 2007
100 _a Henslin, James M.
245 _aEssentials of sociology :
_b a down-to-earth approach /
_c James M. Henslin.
250 _a7th ed.
260 _aBoston :
_bPearson/Allyn & Bacon,
_c[2007]
300 _a 1 v. (various pagings) :
_bill. (chiefly col.) ;
_c 26 cm.
942 _2lcc
_cBK